000 00805nam a2200169 a 4500
008 120416s0000 ||||||||||||||||| || u
020 _a0750632453
050 _aQA 76.65 Mor
100 _aMorris, Stephen
245 1 0 _aVisual BASIC made simple
260 _aOxford
_bButterworth-Heinemann
_c1997
300 _aviii, 200p. : ill.
350 _a0.00
995 _D0.00
_FCBU-MAIN LIBRARY (Kitwe)
_H2
_I0.00
_M2
_UDAMAGED
_ZMain Library Open Access Collection
995 _D0.00
_FCBU-MAIN LIBRARY (Kitwe)
_H3
_I0.00
_M3
_UDAMAGED
_ZMain Library Open Access Collection
995 _D0.00
_FCBU-MAIN LIBRARY (Kitwe)
_H1
_I0.00
_M1
_UDAMAGED
_ZMain Library Open Access Collection
999 _c78368
_d78368